Teach yourself C / (Record no. 6338)
[ view plain ]
| 000 -LEADER | |
|---|---|
| fixed length control field | 00622nam a22002297a 4500 |
| 001 - CONTROL NUMBER | |
| control field | 2182 |
| 003 - CONTROL NUMBER IDENTIFIER | |
| control field | BD-DhUAP |
| 005 - DATE AND TIME OF LATEST TRANSACTION | |
| control field | 20201229164250.0 |
| 008 - FIXED-LENGTH DATA ELEMENTS--GENERAL INFORMATION | |
| fixed length control field | 200121s1997 nyu 001 0 eng d |
| 020 ## - INTERNATIONAL STANDARD BOOK NUMBER | |
| International Standard Book Number | 0078823110 |
| 040 ## - CATALOGING SOURCE | |
| Original cataloging agency | DLC |
| Transcribing agency | DLC |
| Modifying agency | DLC |
| -- | BD-DhAAL |
| 082 00 - DEWEY DECIMAL CLASSIFICATION NUMBER | |
| Classification number | 005.133 SCH |
| Edition number | 23 |
| 100 1# - MAIN ENTRY--PERSONAL NAME | |
| Personal name | Schildt, Herbert. |
| 245 10 - TITLE STATEMENT | |
| Title | Teach yourself C / |
| Statement of responsibility, etc. | Herbert Schildt. |
| 250 ## - EDITION STATEMENT | |
| Edition statement | 3rd ed. |
| 260 ## - PUBLICATION, DISTRIBUTION, ETC. | |
| Place of publication, distribution, etc. | New York : |
| Name of publisher, distributor, etc. | McGraw-Hill, |
| Date of publication, distribution, etc. | c1997. |
| 300 ## - PHYSICAL DESCRIPTION | |
| Extent | xiii, 640 pages ; |
| Dimensions | 24 cm. |
| 500 ## - GENERAL NOTE | |
| General note | Includes index. |
| 650 #0 - SUBJECT ADDED ENTRY--TOPICAL TERM | |
| Topical term or geographic name entry element | C++ (Computer program language). |
| 942 ## - ADDED ENTRY ELEMENTS (KOHA) | |
| Source of classification or shelving scheme | |
| Koha item type | Book |
| Withdrawn status | Lost status | Source of classification or shelving scheme | Damaged status | Not for loan | Permanent Location | Current Location | Shelving location | Date acquired | Full call number | Barcode | Date last seen | Copy number | Price effective from | Koha item type | Total Checkouts | Total Renewals | Date last checked out |
|---|---|---|---|---|---|---|---|---|---|---|---|---|---|---|---|---|---|
| UAP Central Library | UAP Central Library | General Stacks | 2020-12-29 | 005.133 SCH | 3010002182 | 2020-12-29 | 1 | 2020-12-29 | Book | ||||||||
| UAP Central Library | UAP Central Library | Reserve Stacks | 2020-12-29 | 005.133 SCH | 3010002181 | 2021-01-18 | 2 | 2020-12-29 | Book | ||||||||
| UAP Central Library | UAP Central Library | Reserve Stacks | 2021-01-27 | 005.133 SCH | 3010003907 | 2024-05-02 | 3 | 2021-01-27 | Book | 5 | 3 | 2024-03-10 | |||||
| UAP Central Library | UAP Central Library | General Stacks | 2021-01-27 | 005.133 SCH | 3010003906 | 2024-04-29 | 4 | 2021-01-27 | Book | 8 | 4 | 2024-04-29 | |||||
| UAP Central Library | UAP Central Library | General Stacks | 2021-01-27 | 005.133 SCH | 3010003911 | 2021-01-31 | 5 | 2021-01-27 | Book | ||||||||
| UAP Central Library | UAP Central Library | General Stacks | 2021-01-27 | 005.133 SCH | 3010002180 | 2021-01-31 | 6 | 2021-01-27 | Book | ||||||||
| UAP Central Library | UAP Central Library | General Stacks | 2021-01-27 | 005.133 SCH | 3010002179 | 2021-01-31 | 7 | 2021-01-27 | Book | ||||||||
| UAP Central Library | UAP Central Library | General Stacks | 2021-01-27 | 005.133 SCH | 3010002183 | 2023-03-09 | 8 | 2021-01-27 | Book | 3 | 1 | 2022-09-11 | |||||
| UAP Central Library | UAP Central Library | Reserve Stacks | 2021-02-01 | 005.133 SCH | 3010000723 | 2021-02-01 | 9 | 2021-02-01 | Book | ||||||||
| UAP Central Library | UAP Central Library | Reserve Stacks | 2021-02-01 | 005.133 SCH | 3010003912 | 2021-02-02 | 10 | 2021-02-01 | Book | ||||||||
| UAP Central Library | UAP Central Library | Reserve Stacks | 2021-02-01 | 005.133 SCH | 3010003908 | 2021-02-02 | 11 | 2021-02-01 | Book |
Bengali Keyboard